01075nam a2200277Ia 4500003000400000005001700004008004100021020004800062040001800110041000800128082002100136100002500157245008200182250001200264260005600276300002800332650004400360650002300404650004700427650004300474650003100517700002600548942003000574999001900604952017400623OSt20241202113327.0210716s2006 xx 000 0 und d a9788182091020  cAIMIT LIBRARY aeng a005.74 21bLEOA aLeon, Alexis.947240 aEssentials of database management systems /cBy Alexis Leon and Mathews Leon. a1st ed. aChennai :bVijay Nicole Imprints Pvt Ltd. ,c2006 . axx, 447p. ;bPBc24 cm. aDatabase architecture and design947241 aData models947242 aEnhanced entity relationship model9187338 aRelational database management9187339 aRelational algebra9187340 aLeon, Mathews.947243 2ddccBKe1stk005.74 LEOA c190892d190892 00102ddc40708MCAaAIMITbAIMITeHigginbothams Pvt Ltdg180.00iBill no:743; Bill dt:2010-09-17l0o005.74 LEOApMCA10400r2026-05-23 00:00:00v135.00w2021-07-16yBK